[Event "Titled Tuesday intern op 22nd Nov Early"]
[Site "Chess.com INT"]
[Date "2022.11.22"]
[Round "6"]
[White "Goldin, Alexander"]
[Black "Unat, Can Haktan"]
[Result "0-1"]
[WhiteElo "2542"]
[BlackElo "2246"]
[PlyCount "72"]
[EventDate "2022.11.22"]
[EventType "swiss (blitz)"]
[EventRounds "11"]
[EventCountry "USA"]
[SourceTitle "CBM 211 Extra"]
[Source "ChessBase"]
[SourceDate "2023.01.31"]
[SourceVersion "1"]
[SourceVersionDate "2023.01.31"]
[SourceQuality "1"]

1. d4 Nf6 2. c4 g6 3. Nf3 d5 4. cxd5 Bg7 5. g3 0-0 6. Bg2 Nxd5 7. 0-0 Nb6 8. Nc3 Nc6 9. e3 e5 10. d5 Ne7 11. e4 Bg4 12. h3 Bxf3 13. Qxf3 c6 14. Rd1 cxd5 15. exd5 Nf5 16. Qd3 Nd4 17. f4 Rc8 18. fxe5 Bxe5 19. Be3 Nf5 20. Bf2 Nc4 21. Rab1 Nxb2 22. Rxb2 Rxc3 23. Qe4 Bxg3 24. Bxa7 Qg5 25. Qg4 Qxg4 26. hxg4 Nd6 27. Rb3 Rfc8 28. Rxc3 Rxc3 29. Bb8 Kf8 30. Rb1 Nc4 31. Bxg3 Rxg3 32. Kf2 Ra3 33. Rxb7 Rxa2+ 34. Kg3 Ne3 35. Bf3 g5 36. d6 Nf1+ 0-1

[Event "Titled Tuesday intern op 08th Nov Early"]
[Site "Chess.com INT"]
[Date "2022.11.08"]
[Round "6"]
[White "Goldin, Alexander"]
[Black "Bok, Benjamin"]
[Result "0-1"]
[WhiteElo "2542"]
[BlackElo "2618"]
[PlyCount "126"]
[EventDate "2022.11.08"]
[EventType "swiss (blitz)"]
[EventRounds "11"]
[EventCountry "USA"]
[SourceTitle "EXT 2024"]
[Source "ChessBase"]
[SourceDate "2023.10.10"]
[SourceVersion "1"]
[SourceVersionDate "2023.10.10"]
[SourceQuality "1"]

1. d4 Nf6 2. c4 e6 3. Nf3 d5 4. Nc3 c6 5. cxd5 exd5 6. Bf4 Bf5 7. h3 Bd6 8. Bxd6 Qxd6 9. Qb3 Qc7 10. Nh4 Bg6 11. e3 Nbd7 12. Nxg6 hxg6 13. Bd3 g5 14. 0-0-0 b5 15. Kb1 a5 16. Qc2 Qd6 17. e4 dxe4 18. Nxe4 Nxe4 19. Bxe4 Rc8 20. Rde1 Kf8 21. Bf5 g6 22. Bxd7 Qxd7 23. Qc5+ Kg7 24. Qe5+ f6 25. Qe7+ Qxe7 26. Rxe7+ Kh6 27. Re6 Rhd8 28. Rd1 f5 29. Kc2 Rd5 30. Re5 Rxe5 31. dxe5 Re8 32. Re1 Kg7 33. Kc3 c5 34. a4 bxa4 35. Kc4 Kf7 36. Kxc5 Ke6 37. Re2 Rb8 38. g3 Rb3 39. h4 gxh4 40. gxh4 Rb4 41. Kc6 Rb3 42. Kc5 a3 43. bxa3 Rxa3 44. f4 Rf3 45. Rg2 Rxf4 46. Rxg6+ Kxe5 47. h5 Rh4 48. h6 f4 49. Kc4 Ke4 50. Re6+ Kf3 51. Kd3 Kf2 52. Re4 Rh3+ 53. Kd2 f3 54. Re6 a4 55. Ra6 a3 56. Kd1 Kg2 57. Rg6+ Kf1 58. Ra6 f2 59. Kd2 a2 60. Rxa2 Rxh6 61. Ra1+ Kg2 62. Ke2 Re6+ 63. Kd3 f1Q+ 0-1

[Event "Titled Tuesday intern op 08th Nov Early"]
[Site "Chess.com INT"]
[Date "2022.11.08"]
[Round "4"]
[White "Svane, Frederik"]
[Black "Goldin, Alexander"]
[Result "0-1"]
[WhiteElo "2568"]
[BlackElo "2542"]
[PlyCount "86"]
[EventDate "2022.11.08"]
[EventType "swiss (blitz)"]
[EventRounds "11"]
[EventCountry "USA"]
[SourceTitle "EXT 2024"]
[Source "ChessBase"]
[SourceDate "2023.10.10"]
[SourceVersion "1"]
[SourceVersionDate "2023.10.10"]
[SourceQuality "1"]

1. c4 e6 2. Nc3 d5 3. d4 Nf6 4. cxd5 exd5 5. Bg5 Be7 6. e3 c6 7. Bd3 Nbd7 8. Nf3 0-0 9. h3 Re8 10. 0-0 Nf8 11. Bf4 Ng6 12. Bh2 Bd6 13. Bxd6 Qxd6 14. Rb1 a5 15. a3 Ne4 16. Nd2 f5 17. Re1 Bd7 18. Qc2 Re7 19. f4 Nh4 20. Nf3 Nxf3+ 21. gxf3 Nxc3 22. bxc3 b5 23. Bxf5 Bxf5 24. Qxf5 Qxa3 25. Qc2 Qd6 26. Qh2 a4 27. e4 Rae8 28. e5 Qg6+ 29. Qg2 Qd3 30. Qe2 Qxc3 31. Red1 Qa5 32. Rbc1 Qc7 33. Qc2 Rc8 34. f5 Qd7 35. Kh1 a3 36. Rg1 Kh8 37. Ra1 b4 38. Rg5 Qb7 39. Qb3 c5 40. dxc5 Rxe5 41. Rg4 d4 42. Rxd4 Rxf5 43. Rxb4 Qd7 0-1